[Event "Titled Tuesday intern op 07th Feb Early"]
[Site "Chess.com INT"]
[Date "2023.02.07"]
[Round "1"]
[White "Mogranzini, Roberto"]
[Black "Sychev, Klementy"]
[Result "1/2-1/2"]
[WhiteElo "2459"]
[BlackElo "2549"]
[PlyCount "72"]
[EventDate "2023.02.07"]
[EventType "swiss (blitz)"]
[EventRounds "11"]
[EventCountry "USA"]
[SourceTitle "EXT 2024"]
[Source "ChessBase"]
[SourceDate "2023.10.10"]
[SourceVersion "1"]
[SourceVersionDate "2023.10.10"]
[SourceQuality "1"]

1. e4 e5 2. Nf3 Nc6 3. Bb5 a6 4. Ba4 b5 5. Bb3 Na5 6. d3 d6 7. 0-0 Ne7 8. Bg5 h6 9. Bxe7 Bxe7 10. Nc3 0-0 11. Nd5 Nxb3 12. axb3 f5 13. exf5 Bxf5 14. Nxe7+ Qxe7 15. Nd2 Qg5 16. Ne4 Qg6 17. Ng3 Bc8 18. d4 exd4 19. Qxd4 Bb7 20. c4 Kh8 21. Rae1 Rf7 22. Re2 Raf8 23. Rfe1 bxc4 24. bxc4 Bc6 25. f3 Kg8 26. c5 Bb5 27. Re7 Qc2 28. cxd6 cxd6 29. b4 Qc6 30. Nf5 Kh7 31. Nxg7 Rxe7 32. Rxe7 Qc1+ 33. Kf2 Qc2+ 34. Kg1 Qc1+ 35. Kf2 Qc2+ 36. Kg1 Qc1+ 1/2-1/2

[Event "Titled Tuesday intern op 29th Nov Early"]
[Site "Chess.com INT"]
[Date "2022.11.29"]
[Round "4"]
[White "Mogranzini, Roberto"]
[Black "Costachi, Mihnea"]
[Result "1-0"]
[WhiteElo "2459"]
[BlackElo "2476"]
[PlyCount "157"]
[EventDate "2022.11.29"]
[EventType "swiss (blitz)"]
[EventRounds "11"]
[EventCountry "USA"]
[SourceTitle "EXT 2024"]
[Source "ChessBase"]
[SourceDate "2023.10.10"]
[SourceVersion "1"]
[SourceVersionDate "2023.10.10"]
[SourceQuality "1"]

1. e4 e5 2. Nf3 Nf6 3. Nxe5 d6 4. Nf3 Nxe4 5. c3 d5 6. d3 Nf6 7. d4 Bd6 8. Bd3 h6 9. 0-0 0-0 10. h3 Re8 11. Re1 c5 12. Nbd2 Nc6 13. dxc5 Bxc5 14. Nb3 Bb6 15. Bf4 Ne4 16. Be3 Bf5 17. Bxb6 Qxb6 18. Nfd4 Nxd4 19. Nxd4 Qxb2 20. Re2 Qxc3 21. Nxf5 Nc5 22. Rd2 Qf6 23. Ng3 Rad8 24. Rc1 Ne6 25. Bb5 Rf8 26. Rxd5 Nf4 27. Rxd8 Rxd8 28. Qf3 Qg5 29. Rb1 a6 30. Bf1 b5 31. Rd1 Re8 32. Qc6 Re6 33. Qc8+ Kh7 34. Bd3+ Nxd3 35. Rxd3 Qf4 36. Rf3 Re1+ 37. Kh2 Qc4 38. Qxc4 bxc4 39. Rxf7 Ra1 40. Rc7 Rxa2 41. f3 Rc2 42. Nf5 Kg6 43. Ne3 Rc3 44. Nxc4 Kf6 45. Rc6+ Ke7 46. Ne5 Re3 47. Ng4 Ra3 48. Rg6 Kf8 49. Rb6 a5 50. Rb7 a4 51. Ra7 Ra1 52. Ne5 a3 53. Nc4 a2 54. Ne5 Kg8 55. f4 Kh7 56. h4 h5 57. Kg3 Kh6 58. Nf3 Kg6 59. Ne5+ Kf5 60. Ra4 Ke6 61. Nf3 Kd5 62. f5 Kc5 63. Kf4 Kb5 64. Ra8 Kb4 65. Kg5 Kb3 66. Kxh5 Rd1 67. g4 a1Q 68. Rxa1 Rxa1 69. Ng5 Ra4 70. Ne6 Kc3 71. Nxg7 Kd4 72. f6 Ra7 73. Kg6 Ke5 74. h5 Kd6 75. h6 Ra4 76. g5 Rh4 77. h7 Ke5 78. Nh5 Rxh5 79. Kxh5 1-0

[Event "Titled Tuesday intern op 27th Sep Early"]
[Site "Chess.com INT"]
[Date "2022.09.27"]
[Round "3"]
[White "Abdrlauf, Elham"]
[Black "Mogranzini, Roberto"]
[Result "1-0"]
[WhiteElo "2487"]
[BlackElo "2459"]
[PlyCount "105"]
[EventDate "2022.09.27"]
[EventType "swiss (blitz)"]
[EventRounds "11"]
[EventCountry "USA"]
[SourceTitle "CBM 210 Extra"]
[Source "ChessBase"]
[SourceDate "2022.11.30"]
[SourceVersion "1"]
[SourceVersionDate "2022.11.30"]
[SourceQuality "1"]

1. e4 c5 2. Nf3 Nc6 3. d4 cxd4 4. Nxd4 g6 5. Nc3 Bg7 6. Be3 Nf6 7. Bc4 Qa5 8. 0-0 0-0 9. Nd5 Nxd5 10. exd5 Nxd4 11. Bxd4 Bxd4 12. Qxd4 d6 13. Rfe1 Re8 14. h4 Bf5 15. c3 Rac8 16. a4 a6 17. h5 Qc5 18. Qxc5 Rxc5 19. Bb3 Kf8 20. h6 e5 21. dxe6 Bxe6 22. Bxe6 Rxe6 23. Rxe6 fxe6 24. Rd1 Ke7 25. Rd4 a5 26. g4 d5 27. f4 Kd6 28. Kf2 e5 29. fxe5+ Kxe5 30. Ke3 g5 31. Kd3 Rc6 32. b4 axb4 33. Rxb4 b6 34. Rb5 Rxh6 35. c4 Rd6 36. Kc3 Ke4 37. cxd5 Rxd5 38. Rxb6 Kf4 39. Rb4+ Kg3 40. Rb5 Rd7 41. Rxg5 Rb7 42. a5 Kf4 43. Rg8 h6 44. a6 Rb6 45. a7 Ra6 46. a8Q Rxa8 47. Rxa8 Kxg4 48. Kd3 h5 49. Ke3 Kg3 50. Rg8+ Kh2 51. Kf2 h4 52. Rg4 h3 53. Rg3 1-0

[Event "Titled Tuesday intern op 02nd Aug Late"]
[Site "Chess.com INT"]
[Date "2022.08.02"]
[Round "6"]
[White "Buchenau, Frank"]
[Black "Mogranzini, Roberto"]
[Result "1/2-1/2"]
[WhiteElo "2277"]
[BlackElo "2459"]
[PlyCount "92"]
[EventDate "2022.08.02"]
[EventType "swiss (blitz)"]
[EventRounds "11"]
[EventCountry "USA"]
[SourceTitle "EXT 2023"]
[Source "ChessBase"]
[SourceDate "2022.10.05"]
[SourceVersion "1"]
[SourceVersionDate "2022.10.05"]
[SourceQuality "1"]

1. e4 d5 2. exd5 Qxd5 3. Nc3 Qd8 4. d4 Nf6 5. Nf3 Bg4 6. h3 Bxf3 7. Qxf3 c6 8. Be3 e6 9. 0-0-0 Bb4 10. Ne4 Nxe4 11. Qxe4 Qd5 12. Qxd5 cxd5 13. c4 Nc6 14. cxd5 exd5 15. Bb5 Rc8 16. Kb1 0-0 17. a3 Ba5 18. Rc1 Rfe8 19. Rc2 Bb6 20. Rhc1 Re6 21. b4 h6 22. Bd3 Rd8 23. Bf5 Ree8 24. Rd1 a6 25. Bg4 g6 26. Bf3 h5 27. g4 hxg4 28. hxg4 Kg7 29. Kb2 Rh8 30. Be2 Rh3 31. Bxa6 Nxb4 32. axb4 bxa6 33. Rc6 Rb8 34. Kc3 Rhh8 35. Ra1 Rhc8 36. Rxc8 Rxc8+ 37. Kb3 Ra8 38. Rc1 Rb8 39. Rc6 Ba5 40. Rxa6 Bxb4 41. Kc2 Rb5 42. Bf4 Be1 43. Be5+ Kh6 44. Bf4+ Kg7 45. Be5+ Kh6 46. Bf4+ Kg7 1/2-1/2

[Event "Titled Tuesday intern op 02nd Aug Late"]
[Site "Chess.com INT"]
[Date "2022.08.02"]
[Round "3"]
[White "Mogranzini, Roberto"]
[Black "Doluhanova, Evgeniya"]
[Result "0-1"]
[WhiteElo "2459"]
[BlackElo "2276"]
[PlyCount "84"]
[EventDate "2022.08.02"]
[EventType "swiss (blitz)"]
[EventRounds "11"]
[EventCountry "USA"]
[SourceTitle "EXT 2023"]
[Source "ChessBase"]
[SourceDate "2022.10.05"]
[SourceVersion "1"]
[SourceVersionDate "2022.10.05"]
[SourceQuality "1"]

1. e4 e5 2. Nf3 Nc6 3. Bb5 Nf6 4. 0-0 Nxe4 5. Re1 Nd6 6. Nxe5 Nxe5 7. Rxe5+ Be7 8. Bd3 0-0 9. Nc3 Bf6 10. Re1 Re8 11. Nd5 Rxe1+ 12. Qxe1 c6 13. Nxf6+ Qxf6 14. c3 Qe6 15. Qxe6 fxe6 16. Bc2 e5 17. d3 Nf7 18. Kf1 d6 19. Bd2 Be6 20. a3 Kf8 21. Re1 Ke7 22. h3 g5 23. Ke2 h6 24. Kd1 a5 25. Be3 b5 26. d4 a4 27. dxe5 dxe5 28. Bc5+ Kf6 29. Ke2 Rd8 30. Rd1 Bc4+ 31. Ke1 Rxd1+ 32. Bxd1 Nd8 33. Bf8 Bd5 34. g3 Be6 35. h4 gxh4 36. gxh4 Kg6 37. Be7 Nf7 38. Kf1 h5 39. Kg2 Nh6 40. Bd6 Bd5+ 41. f3 Nf5 42. Bxe5 Ne3+ 0-1

[Event "Titled Tuesday intern op 02nd Aug Late"]
[Site "Chess.com INT"]
[Date "2022.08.02"]
[Round "5"]
[White "Mogranzini, Roberto"]
[Black "Rosenberg, Evan"]
[Result "1/2-1/2"]
[WhiteElo "2459"]
[BlackElo "2016"]
[PlyCount "131"]
[EventDate "2022.08.02"]
[EventType "swiss (blitz)"]
[EventRounds "11"]
[EventCountry "USA"]
[SourceTitle "EXT 2023"]
[Source "ChessBase"]
[SourceDate "2022.10.05"]
[SourceVersion "1"]
[SourceVersionDate "2022.10.05"]
[SourceQuality "1"]

1. e3 e6 2. Nf3 d5 3. c4 c5 4. b3 Nc6 5. Bb2 Nf6 6. cxd5 Nxd5 7. Nc3 a6 8. Be2 b6 9. 0-0 Bb7 10. Qc2 Ndb4 11. Qb1 Ne7 12. a3 Nbd5 13. Qc2 Rc8 14. Rfd1 Qc7 15. Rac1 Nxc3 16. dxc3 Nd5 17. c4 Nf6 18. Be5 Qc6 19. Ne1 Qe4 20. Qb2 Qg6 21. Bf3 Bxf3 22. Nxf3 Be7 23. Bd6 Bxd6 24. Rxd6 0-0 25. Rxb6 a5 26. Rd6 Ne4 27. Rdd1 h5 28. h3 Rcd8 29. Qe5 Rxd1+ 30. Rxd1 Nf6 31. Qxc5 Qc2 32. Rf1 Qxb3 33. Qxa5 Qxc4 34. Qb4 Qa6 35. e4 Ra8 36. Ra1 Qa4 37. Qxa4 Rxa4 38. Ng5 Nxe4 39. Nxe4 Rxe4 40. a4 Rc4 41. a5 Rc7 42. a6 Ra7 43. Ra5 g6 44. h4 Kf8 45. Kh2 Ke7 46. Kg3 Kd6 47. Kf4 f6 48. f3 Kc6 49. g4 Kb6 50. Ra1 Rxa6 51. Rc1 Ra4+ 52. Kg3 Ra3 53. gxh5 gxh5 54. Rc8 e5 55. Rf8 e4 56. Rxf6+ Kc7 57. Rf4 exf3 58. Rxf3 Rxf3+ 59. Kxf3 Kd7 60. Kf4 Ke7 61. Kg5 Kf8 62. Kxh5 Kg8 63. Kg6 Kh8 64. h5 Kg8 65. h6 Kh8 66. h7 1/2-1/2

[Event "Titled Tuesday intern op 26th Jul Late"]
[Site "Chess.com INT"]
[Date "2022.07.26"]
[Round "2"]
[White "Hoffmann, Asa"]
[Black "Mogranzini, Roberto"]
[Result "0-1"]
[WhiteElo "2185"]
[BlackElo "2459"]
[PlyCount "96"]
[EventDate "2022.07.26"]
[EventType "swiss (blitz)"]
[EventRounds "11"]
[EventCountry "USA"]
[SourceTitle "EXT 2023"]
[Source "ChessBase"]
[SourceDate "2022.10.05"]
[SourceVersion "1"]
[SourceVersionDate "2022.10.05"]
[SourceQuality "1"]

1. d4 Nf6 2. Bg5 Ne4 3. Bf4 Nc6 4. f3 e5 5. dxe5 g5 6. Be3 Nc5 7. Qd5 Ne6 8. h4 gxh4 9. f4 Nb4 10. Qb3 d5 11. Nf3 c5 12. c4 d4 13. Bd2 Be7 14. a3 Nc6 15. e4 dxe3 16. Bxe3 Ncd4 17. Bxd4 Nxd4 18. Nxd4 Qxd4 19. Qc3 Qxf4 20. Nd2 Bg4 21. Be2 Bxe2 22. Kxe2 Rg8 23. Rhg1 0-0-0 24. Raf1 Qg4+ 25. Qf3 Qd7 26. Qe3 Bg5 27. Qxc5+ Kb8 28. Qd6+ Qxd6 29. exd6 Rxd6 30. Ne4 Re6 31. Kf3 f5 32. Nxg5 Rxg5 33. Kf4 h6 34. Re1 Rxe1 35. Rxe1 Rxg2 36. b4 a6 37. Re3 Rg4+ 38. Kxf5 Rxc4 39. Kg6 Ka7 40. Kxh6 Kb6 41. Kg5 Kb5 42. Re5+ Ka4 43. Ra5+ Kb3 44. b5 Ra4 45. Rxa4 Kxa4 46. bxa6 bxa6 47. Kxh4 Kxa3 48. Kg3 Kb2 0-1

[Event "Titled Tuesday intern op 14th Jun Early"]
[Site "Chess.com INT"]
[Date "2022.06.14"]
[Round "4"]
[White "Mogranzini, Roberto"]
[Black "Kowalczyk, Pawel"]
[Result "0-1"]
[WhiteElo "2459"]
[BlackElo "2345"]
[PlyCount "92"]
[EventDate "2022.06.14"]
[EventType "swiss (blitz)"]
[EventRounds "11"]
[EventCountry "USA"]
[SourceTitle "EXT 2023"]
[Source "ChessBase"]
[SourceDate "2022.10.05"]
[SourceVersion "1"]
[SourceVersionDate "2022.10.05"]
[SourceQuality "1"]

1. e4 c5 2. Nf3 e6 3. g3 Nf6 4. Qe2 d6 5. Bg2 Be7 6. 0-0 0-0 7. c4 Nc6 8. Nc3 Rb8 9. b3 a6 10. Bb2 Nd7 11. Rad1 Bf6 12. d3 b5 13. Qd2 Qa5 14. Ba1 Rd8 15. Ne1 Bd4 16. Kh1 Nb6 17. f4 Bb7 18. Nc2 Bxc3 19. Qxc3 Qxc3 20. Bxc3 b4 21. Bb2 e5 22. Ne3 f6 23. Bh3 Bc8 24. Bxc8 Rdxc8 25. Nd5 Nxd5 26. exd5 Ne7 27. f5 a5 28. Kg2 a4 29. g4 h6 30. Kf3 Kf7 31. h4 Ra8 32. Rb1 axb3 33. axb3 Ra2 34. Rf2 Rca8 35. Bc1 Rxf2+ 36. Kxf2 Ra2+ 37. Kf3 h5 38. Be3 hxg4+ 39. Kxg4 Rg2+ 40. Kf3 Rc2 41. Ke4 Rh2 42. Ra1 Rxh4+ 43. Kf3 Nxf5 44. Bf2 Rh3+ 45. Kg2 Rxd3 46. Ra7+ Kg6 0-1

[Event "Titled Tuesday intern op 03rd May Late"]
[Site "Chess.com INT"]
[Date "2022.05.03"]
[Round "5"]
[White "Mogranzini, Roberto"]
[Black "Ansh, M Shah"]
[Result "1/2-1/2"]
[WhiteElo "2459"]
[BlackElo "2118"]
[PlyCount "144"]
[EventDate "2022.05.03"]
[EventType "swiss (blitz)"]
[EventRounds "11"]
[EventCountry "USA"]
[SourceTitle "CBM 208 Extra"]
[Source "ChessBase"]
[SourceDate "2022.07.31"]
[SourceVersion "1"]
[SourceVersionDate "2022.07.31"]
[SourceQuality "1"]

1. e4 c6 2. Nf3 d5 3. d3 dxe4 4. Ng5 Nf6 5. Nc3 h6 6. Ngxe4 Nbd7 7. g3 e6 8. Bg2 Be7 9. 0-0 0-0 10. Re1 Nd5 11. Bd2 N7f6 12. Nxf6+ Bxf6 13. Rb1 Nxc3 14. Bxc3 Bd7 15. Qd2 Rb8 16. b4 a6 17. a4 Re8 18. h4 Bxc3 19. Qxc3 Qc7 20. b5 axb5 21. axb5 Qd6 22. b6 c5 23. Qe5 Qxe5 24. Rxe5 Rec8 25. Ra1 c4 26. d4 Bc6 27. Rc5 Bxg2 28. Kxg2 Rxc5 29. dxc5 Kf8 30. Ra4 Ke8 31. Rxc4 Kd7 32. h5 Kc6 33. Kf3 Rd8 34. Rg4 Rg8 35. Rd4 Rf8 36. Rg4 g5 37. hxg6 fxg6+ 38. Ke3 g5 39. f4 gxf4+ 40. gxf4 Rf6 41. Rg7 Kxc5 42. Rxb7 Rg6 43. Ke4 Rg2 44. Ke5 Re2+ 45. Kf6 Kc6 46. Rb8 h5 47. c4 Re4 48. Kg5 h4 49. c5 h3 50. Rc8+ Kb7 51. Rc7+ Kb8 52. Rh7 Rc4 53. Kf6 Rxc5 54. Kxe6 Rc3 55. f5 Re3+ 56. Kf6 Rg3 57. Kf7 Rf3 58. f6 Kb7 59. Kf8+ Kxb6 60. f7 Kc6 61. Kg8 Rg3+ 62. Kf8 Kd6 63. Rh4 Ke6 64. Re4+ Kf5 65. Re2 Rf3 66. Ke8 Kg4 67. f8Q Rxf8+ 68. Kxf8 Kg3 69. Re3+ Kg2 70. Re2+ Kg3 71. Re3+ Kg2 72. Re2+ Kg3 1/2-1/2

[Event "Titled Tuesday intern op 03rd May Late"]
[Site "Chess.com INT"]
[Date "2022.05.03"]
[Round "4"]
[White "Mogranzini, Roberto"]
[Black "Zhou, Qiyu"]
[Result "0-1"]
[WhiteElo "2459"]
[BlackElo "2218"]
[PlyCount "78"]
[EventDate "2022.05.03"]
[EventType "swiss (blitz)"]
[EventRounds "11"]
[EventCountry "USA"]
[SourceTitle "CBM 208 Extra"]
[Source "ChessBase"]
[SourceDate "2022.07.31"]
[SourceVersion "1"]
[SourceVersionDate "2022.07.31"]
[SourceQuality "1"]

1. c4 g6 2. g3 Bg7 3. Bg2 d6 4. Nc3 c5 5. d3 Nc6 6. Bd2 Nf6 7. Qc1 0-0 8. Bh6 e5 9. h4 Nh5 10. Bxg7 Nxg7 11. Nf3 Bg4 12. Nd5 f6 13. Nd2 Ne7 14. Ne3 Bc8 15. Ne4 Be6 16. Nc3 Qd7 17. Rb1 Rab8 18. b4 b6 19. 0-0 Bh3 20. Ncd5 Bxg2 21. Kxg2 f5 22. Nxe7+ Qxe7 23. Nd5 Qe6 24. Qg5 Rf7 25. a4 Rbf8 26. a5 b5 27. bxc5 bxc4 28. dxc4 dxc5 29. Rb5 f4 30. Rxc5 fxg3 31. f3 Nh5 32. Rb1 e4 33. f4 Nxf4+ 34. Nxf4 Rxf4 35. Qd5 Qxd5 36. cxd5 Rf2+ 37. Kxg3 Rxe2 38. d6 Rf3+ 39. Kg4 Rg2# 0-1

[Event "Titled Tuesday intern op 03rd May Late"]
[Site "Chess.com INT"]
[Date "2022.05.03"]
[Round "1"]
[White "Svane, Rasmus"]
[Black "Mogranzini, Roberto"]
[Result "1-0"]
[WhiteElo "2648"]
[BlackElo "2459"]
[PlyCount "97"]
[EventDate "2022.05.03"]
[EventType "swiss (blitz)"]
[EventRounds "11"]
[EventCountry "USA"]
[SourceTitle "CBM 208 Extra"]
[Source "ChessBase"]
[SourceDate "2022.07.31"]
[SourceVersion "1"]
[SourceVersionDate "2022.07.31"]
[SourceQuality "1"]

1. Nf3 c5 2. c4 g6 3. d4 cxd4 4. Nxd4 Bg7 5. e4 Nc6 6. Be3 Nf6 7. Nc3 0-0 8. Be2 d6 9. 0-0 Bd7 10. Nc2 Rc8 11. f4 a6 12. Rc1 b5 13. cxb5 axb5 14. a3 Qa5 15. Qd2 Rfd8 16. b4 Qa8 17. h3 Be8 18. Rfd1 e6 19. Bxb5 d5 20. e5 Ne4 21. Nxe4 dxe4 22. Qe2 Ne7 23. Rxd8 Rxd8 24. Bxe8 Rxe8 25. Bc5 Nd5 26. Qxe4 Bh6 27. Rf1 Qa4 28. Ne3 Nc3 29. Qc4 Qxa3 30. b5 Qb2 31. b6 Rc8 32. Qb4 Ne2+ 33. Kh2 Qxb4 34. Bxb4 Bxf4+ 35. Rxf4 Nxf4 36. Bd6 Rc1 37. b7 Rb1 38. b8Q+ Rxb8 39. Bxb8 h5 40. Kg3 Nd3 41. Bd6 Nc1 42. Kf3 Nb3 43. Nc2 Na5 44. Ke4 Nc6 45. Nd4 Na5 46. Kd3 Nb7 47. Kc4 Nd8 48. Be7 Nb7 49. Kb5 1-0

[Event "Titled Tuesday intern op 03rd May Late"]
[Site "Chess.com INT"]
[Date "2022.05.03"]
[Round "3"]
[White "Tanenbaum, Zachary Chen"]
[Black "Mogranzini, Roberto"]
[Result "1-0"]
[WhiteElo "2148"]
[BlackElo "2459"]
[PlyCount "37"]
[EventDate "2022.05.03"]
[EventType "swiss (blitz)"]
[EventRounds "11"]
[EventCountry "USA"]
[SourceTitle "CBM 208 Extra"]
[Source "ChessBase"]
[SourceDate "2022.07.31"]
[SourceVersion "1"]
[SourceVersionDate "2022.07.31"]
[SourceQuality "1"]

1. e4 e6 2. d4 d5 3. Nc3 Bb4 4. exd5 exd5 5. Bd3 Ne7 6. Nf3 Bf5 7. Bxf5 Nxf5 8. Qd3 Bxc3+ 9. bxc3 Nd6 10. 0-0 0-0 11. Ng5 g6 12. Qh3 h5 13. f4 Qd7 14. Qf3 c6 15. Ba3 Re8 16. Bxd6 Qxd6 17. f5 Qe7 18. fxg6 fxg6 19. Rae1 1-0

[Event "Titled Tuesday intern op 15 Mar Late"]
[Site "Chess.com INT"]
[Date "2022.03.15"]
[Round "7"]
[White "Aydin, Gulenay"]
[Black "Mogranzini, Roberto"]
[Result "1/2-1/2"]
[WhiteElo "2229"]
[BlackElo "2459"]
[PlyCount "126"]
[EventDate "2022.03.15"]
[EventType "swiss (blitz)"]
[EventRounds "11"]
[EventCountry "USA"]
[SourceTitle "CBM 207 Extra"]
[Source "ChessBase"]
[SourceDate "2022.05.31"]
[SourceVersion "1"]
[SourceVersionDate "2022.05.31"]
[SourceQuality "1"]

1. e4 c5 2. Nf3 Nc6 3. Bb5 g6 4. 0-0 Bg7 5. Re1 Nf6 6. c3 0-0 7. d4 d5 8. e5 Ne4 9. Bxc6 bxc6 10. Nbd2 Nxd2 11. Bxd2 cxd4 12. cxd4 Qb6 13. b3 c5 14. dxc5 Qxc5 15. Be3 Qa5 16. Qd4 Bf5 17. Red1 e6 18. Bd2 Qa6 19. Bb4 Rfc8 20. h3 Bc2 21. Rdc1 Rc6 22. Qd2 Be4 23. Rxc6 Qxc6 24. Rc1 Qb7 25. Bd6 Bxf3 26. gxf3 Rc8 27. Kg2 a6 28. Rxc8+ Qxc8 29. Qa5 Bh6 30. a4 Bf4 31. b4 d4 32. b5 axb5 33. axb5 d3 34. b6 d2 35. Qa4 Kg7 36. h4 h6 37. Qb3 Qb7 38. Kh3 g5 39. hxg5 hxg5 40. Kg4 Qd5 41. Qxd5 exd5 42. b7 d1Q 43. b8Q Qg1+ 44. Kf5 Qxf2 45. Qf8+ Kh7 46. Qxf7+ Kh8 47. Qf6+ Kh7 48. Qg6+ Kh8 49. Qh6+ Kg8 50. Kf6 Qa7 51. Be7 Bxe5+ 52. Kxe5 Qxe7+ 53. Kf5 d4 54. Qg6+ Kf8 55. Qh6+ Ke8 56. Qc6+ Kf8 57. Qh6+ Ke8 58. Qc6+ Qd7+ 59. Qxd7+ Kxd7 60. Ke4 Ke6 61. Kxd4 Kf5 62. Ke3 g4 63. fxg4+ Kxg4 1/2-1/2

[Event "Titled Tuesday intern op 15 Mar Late"]
[Site "Chess.com INT"]
[Date "2022.03.15"]
[Round "11"]
[White "Estrada Nieto, Julian"]
[Black "Mogranzini, Roberto"]
[Result "0-1"]
[WhiteElo "2261"]
[BlackElo "2459"]
[PlyCount "93"]
[EventDate "2022.03.15"]
[EventType "swiss (blitz)"]
[EventRounds "11"]
[EventCountry "USA"]
[SourceTitle "CBM 207 Extra"]
[Source "ChessBase"]
[SourceDate "2022.05.31"]
[SourceVersion "1"]
[SourceVersionDate "2022.05.31"]
[SourceQuality "1"]

1. e4 d5 2. exd5 Qxd5 3. Nc3 Qd8 4. g3 Bd7 5. Bg2 Bc6 6. Nf3 Nd7 7. 0-0 e6 8. d4 Ngf6 9. Qe2 Be7 10. Bg5 0-0 11. Rad1 Nd5 12. Nxd5 Bxd5 13. Bf4 b5 14. Rfe1 a6 15. h4 Qc8 16. h5 h6 17. Ne5 Bxg2 18. Kxg2 Nxe5 19. Bxe5 Rd8 20. Qg4 Bf8 21. Rd3 Qb7+ 22. Qf3 Qxf3+ 23. Kxf3 c5 24. dxc5 Rxd3+ 25. cxd3 Bxc5 26. Rc1 Bf8 27. g4 f6 28. Bf4 e5 29. Be3 Rd8 30. Ke4 Kf7 31. Rc6 Rd6 32. Rxd6 Bxd6 33. Kd5 Bf8 34. Kc6 g6 35. Kb7 f5 36. hxg6+ Kxg6 37. gxf5+ Kxf5 38. Kxa6 h5 39. f3 h4 40. Bf2 h3 41. Bg3 Bh6 42. Kxb5 Bf4 43. Bxf4 Kxf4 44. a4 h2 45. a5 h1Q 46. a6 Qxf3 47. a7 0-1

[Event "Titled Tuesday intern op 15 Mar Late"]
[Site "Chess.com INT"]
[Date "2022.03.15"]
[Round "9"]
[White "Fiorito, Fabian"]
[Black "Mogranzini, Roberto"]
[Result "0-1"]
[WhiteElo "2357"]
[BlackElo "2459"]
[PlyCount "46"]
[EventDate "2022.03.15"]
[EventType "swiss (blitz)"]
[EventRounds "11"]
[EventCountry "USA"]
[SourceTitle "CBM 207 Extra"]
[Source "ChessBase"]
[SourceDate "2022.05.31"]
[SourceVersion "1"]
[SourceVersionDate "2022.05.31"]
[SourceQuality "1"]

1. e4 c5 2. Nf3 Nc6 3. d4 cxd4 4. Nxd4 Qb6 5. Nb5 a6 6. Be3 Qd8 7. Nd4 d6 8. Nc3 e6 9. Be2 Nf6 10. 0-0 Be7 11. f4 Qc7 12. Bf3 0-0 13. Nxc6 bxc6 14. Na4 Rb8 15. c4 c5 16. Qc2 Bb7 17. g4 Nd7 18. Qg2 Bc6 19. Nc3 Bf6 20. Rac1 Bd4 21. Rfe1 Qa5 22. g5 Nb6 23. Be2 Bxe3+ 0-1

[Event "Titled Tuesday intern op 15 Mar Late"]
[Site "Chess.com INT"]
[Date "2022.03.15"]
[Round "1"]
[White "Mogranzini, Roberto"]
[Black "Coelho, Ramyres Santana"]
[Result "1-0"]
[WhiteElo "2459"]
[BlackElo "1981"]
[PlyCount "151"]
[EventDate "2022.03.15"]
[EventType "swiss (blitz)"]
[EventRounds "11"]
[EventCountry "USA"]
[SourceTitle "CBM 207 Extra"]
[Source "ChessBase"]
[SourceDate "2022.05.31"]
[SourceVersion "1"]
[SourceVersionDate "2022.05.31"]
[SourceQuality "1"]

1. c4 Nf6 2. g3 g6 3. Bg2 Bg7 4. Nc3 0-0 5. d3 d6 6. Bd2 c6 7. Qc1 Qc7 8. Bh6 e5 9. h4 Ng4 10. Bxg7 Kxg7 11. h5 Rh8 12. h6+ Kf8 13. Nf3 f5 14. b4 Be6 15. b5 Nd7 16. bxc6 bxc6 17. 0-0 Rc8 18. Rb1 Nc5 19. d4 Ne4 20. Nxe4 fxe4 21. Ng5 Bf5 22. dxe5 dxe5 23. Nxe4 Bxe4 24. Bxe4 Ke8 25. Qg5 Qd7 26. Bf3 Nxh6 27. Qxh6 Rf8 28. Qg5 Qg7 29. Rfd1 Rf5 30. Qe3 h5 31. Rd6 Rc7 32. Rbd1 Rc8 33. Rd7 Qxd7 34. Rxd7 Kxd7 35. Be4 Rf6 36. c5 Rcf8 37. f3 Kc7 38. Qa3 Kb8 39. Qb4+ Ka8 40. Bxc6+ Rxc6 41. Qe4 Rfc8 42. Kg2 Kb8 43. Qb4+ Kc7 44. Kh3 Kd7 45. Qb5 Ke6 46. Qc4+ Kf6 47. Qh4+ Kf7 48. Qc4+ Kf6 49. Qh4+ Ke6 50. Qg5 Kd5 51. f4 Re8 52. f5 Rxc5 53. fxg6 Kd4 54. Qxh5 Rcc8 55. Qg4+ Ke3 56. Qf3+ Kd2 57. Qd3+ Ke1 58. Kg4 e4 59. Qb1+ Kf2 60. Qb2 e3 61. Qb5 Rg8 62. Kg5 Rcd8 63. Qf5+ Kxe2 64. Kh6 Rdf8 65. Qg4+ Kd2 66. g7 Rf7 67. Qd4+ Ke2 68. Qc4+ Kf2 69. Qxf7+ Kg2 70. Qxg8 e2 71. Qe6 e1Q 72. Qxe1 Kh3 73. Qh1+ Kg4 74. Qh4+ Kf3 75. g8Q Kg2 76. Qd5+ 1-0

[Event "Titled Tuesday intern op 15 Mar Late"]
[Site "Chess.com INT"]
[Date "2022.03.15"]
[Round "10"]
[White "Mogranzini, Roberto"]
[Black "Jeet, Jain"]
[Result "0-1"]
[WhiteElo "2459"]
[BlackElo "2279"]
[PlyCount "68"]
[EventDate "2022.03.15"]
[EventType "swiss (blitz)"]
[EventRounds "11"]
[EventCountry "USA"]
[SourceTitle "CBM 207 Extra"]
[Source "ChessBase"]
[SourceDate "2022.05.31"]
[SourceVersion "1"]
[SourceVersionDate "2022.05.31"]
[SourceQuality "1"]

1. c4 Nf6 2. g3 c5 3. Bg2 g6 4. Nc3 Bg7 5. a3 Nc6 6. Nf3 0-0 7. 0-0 e6 8. b4 cxb4 9. axb4 d5 10. b5 Ne7 11. c5 Ne4 12. Nxe4 dxe4 13. Ng5 Bxa1 14. Nxe4 Bg7 15. e3 a6 16. bxa6 Rxa6 17. d4 b6 18. Qe2 bxc5 19. Nxc5 Ra1 20. Qb2 Qa5 21. Bd2 Rxf1+ 22. Bxf1 Qc7 23. Qb5 Qc6 24. Qxc6 Nxc6 25. Bb5 Na7 26. Ba4 e5 27. d5 Bh3 28. e4 Rc8 29. Be3 Bf8 30. Nb7 Rb8 31. Bc6 Nxc6 32. dxc6 Rc8 33. f3 Rxc6 34. g4 h5 0-1